| 000 | 01574nam a22003737a 4500 | ||
|---|---|---|---|
| 003 | CHAP | ||
| 005 | 20220329135355.0 | ||
| 008 | 971013s1971 r 00010 d | ||
| 010 | _a35274 | ||
| 011 | _a36246 | ||
| 035 | _a40365 | ||
| 040 | _cCHAP | ||
| 082 |
_a530 _bO7mY 1971 |
||
| 100 | 0 | 0 |
_aOrear, Jay. _983471 |
| 245 | _aManual programado de física fundamental | ||
| 260 |
_aMéxico, D. F. : _bLimusa-Wiley, _c1971 |
||
| 300 | _a259 p. apénd. | ||
| 590 |
_aBATCH-UPD _b10 _c20130110 _lUCH01 _h1406 |
||
| 590 |
_aBATCH-UPD _b10 _c20130410 _lUCH01 _h0855 |
||
| 590 |
_aBATCH-UPD _b10 _c20130914 _lUCH01 _h1422 |
||
| 590 |
_aCONVERSION _b10 _c20130109 _lUCH01 _h1320 |
||
| 650 | 1 | 4 |
_aFísica. _941975 |
| 901 | _aBK | ||
| 942 | _cLIBRO | ||
| 949 |
_a530 O7mY 1971 _bBC _cLIBRO _d33724000283180 _eLIBRO _fc.10 _h30189 _i40365 _si _t50.00 |
||
| 949 |
_a530 O7mY 1971 _bBC _cLIBRO _d33724000283198 _eLIBRO _fc.11 _h30190 _i40365 _si _t50.00 |
||
| 949 |
_a530 O7mY 1971 _bBC _cLIBRO _d33724000283206 _eLIBRO _fc.6 _h30185 _i40365 _si _t50.00 |
||
| 949 |
_a530 O7mY 1971 _bBC _cLIBRO _d33724000283271 _eLIBRO _fc.8 _h30187 _i40365 _si _t50.00 |
||
| 949 |
_a530 O7mY 1971 _bBC _cLIBRO _d33724000868998 _eLIBRO _fc.3 _h30182 _i40365 _si _t50.00 |
||
| 949 |
_a530 O7mY 1971 _bBC _cLIBRO _d33724000904819 _eLIBRO _fc.4 _h30183 _i40365 _si _t50.00 |
||
| 949 |
_a530 O7mY 1971 _bBC _cLIBRO _d33724000921474 _eLIBRO _fc.2 _h30181 _i40365 _si _t50.00 |
||
| 949 |
_a530 O7mY 1971 _bBC _cLIBRO _d33724000938692 _eLIBRO _fc.7 _h30186 _i40365 _si _t50.00 |
||
| 949 |
_a530 O7mY 1971 _bBC _cLIBRO _d33724000938817 _eLIBRO _fc.5 _h30184 _i40365 _si _t50.00 |
||
| 999 |
_c35274 _d35274 |
||